[Event "EU Union-ch U14 14th"]
[Site "Mureck"]
[Date "2016.08.10"]
[Round "8"]
[White "Vidmar, Klara"]
[Black "Derevjanko, Dmitri"]
[Result "1-0"]
[WhiteElo "1585"]
[BlackElo "1543"]
[PlyCount "141"]
[EventDate "2016.08.03"]
[EventType "swiss"]
[EventRounds "9"]
[EventCountry "AUT"]
[SourceTitle "CBM 174 Extra"]
[Source "ChessBase"]
[SourceDate "2016.10.10"]
[SourceVersion "1"]
[SourceVersionDate "2016.10.10"]
[SourceQuality "1"]

1. e4 c5 2. c3 d5 3. exd5 Qxd5 4. h3 Nf6 5. d4 e6 6. Nf3 Nc6 7. Be3 cxd4 8. cxd4 Bb4+ 9. Nc3 0-0 10. Be2 Ne4 11. Bd2 Bxc3 12. Bxc3 Nxc3 13. bxc3 Rd8 14. 0-0 b6 15. Qb3 Bb7 16. Rfd1 Na5 17. Qxd5 Bxd5 18. Nd2 Rac8 19. Rdc1 Nc4 20. Nxc4 Bxc4 21. Kf1 Kf8 22. Bxc4 Rxc4 23. Ke2 e5 24. dxe5 Re4+ 25. Kf3 Rxe5 26. Rd1 Rc8 27. Rd3 Ra5 28. Ke2 Rc4 29. Kd1 Rca4 30. Rd2 Rc5 31. Rc2 Re4 32. f3 Re3 33. Kd2 Rce5 34. Rac1 Re6 35. c4 Ke7 36. Rd1 Kf6 37. Kc1 Re2 38. Rdd2 Rxd2 39. Rxd2 Rc6 40. Rc2 Ke5 41. Kb2 Kd4 42. Kb3 a6 43. a4 g5 44. Re2 Re6 45. Rd2+ Ke3 46. Kc3 Kf4 47. Rd4+ Ke3 48. Rd2 h6 49. Rd7 Kf2 50. Rxf7 Kxg2 51. Ra7 a5 52. Ra6 Kxf3 53. Kd4 Rc6 54. Kd5 Rc5+ 55. Kd4 Rc6 56. Kd5 Rc5+ 57. Kd4 Rf5 58. Rxb6 h5 59. Rb5 Rf4+ 60. Kd5 Kg3 61. c5 Rxa4 62. c6 Ra1 63. Rc5 Rd1+ 64. Ke6 Rd8 65. Rxg5+ Kf4 66. Rxa5 h4 67. Ra3 Rd1 68. Rb3 Re1+ 69. Kd7 Ke5 70. c7 Rc1 71. c8Q 1-0

[Event "EST-ch U16"]
[Site "Tallinn"]
[Date "2016.05.22"]
[Round "7"]
[White "Uibokant, Mathias Robert"]
[Black "Derevjanko, Dmitri"]
[Result "1-0"]
[WhiteElo "1686"]
[BlackElo "1488"]
[PlyCount "79"]
[EventDate "2016.05.19"]
[EventType "swiss"]
[EventRounds "7"]
[EventCountry "EST"]
[SourceTitle "EXT 2018"]
[Source "ChessBase"]
[SourceDate "2017.10.13"]
[SourceVersion "1"]
[SourceVersionDate "2017.10.13"]
[SourceQuality "1"]

1. Nf3 d5 2. g3 Nc6 3. Bg2 Bg4 4. 0-0 Qd7 5. Re1 0-0-0 6. c3 h5 7. d4 Bxf3 8. exf3 h4 9. Nd2 hxg3 10. fxg3 g5 11. Nb3 b6 12. Bxg5 Bh6 13. Bxh6 Nxh6 14. Kf2 Rdg8 15. Qd3 Nf5 16. Rh1 e6 17. a4 Qd6 18. f4 a5 19. Nd2 Nce7 20. Nf3 Ng6 21. Ne5 Nxe5 22. dxe5 Qc5+ 23. Ke2 Nh4 24. Bf3 Nxf3 25. Kxf3 Qe7 26. Rab1 c5 27. b3 Kb7 28. h4 Qf8 29. g4 Qg7 30. Rbg1 Qg6 31. f5 exf5 32. Qxd5+ Qc6 33. Qxc6+ Kxc6 34. gxf5 Rxg1 35. Rxg1 Rxh4 36. c4 Rd4 37. Rg7 Rd7 38. Kf4 Kc7 39. Kg5 Kd8 40. Kf6 1-0

[Event "EST-ch U16"]
[Site "Tallinn"]
[Date "2016.05.19"]
[Round "2"]
[White "Garanin, Aleksei"]
[Black "Derevjanko, Dmitri"]
[Result "1-0"]
[WhiteElo "2084"]
[BlackElo "1488"]
[PlyCount "67"]
[EventDate "2016.05.19"]
[EventType "swiss"]
[EventRounds "7"]
[EventCountry "EST"]
[SourceTitle "EXT 2018"]
[Source "ChessBase"]
[SourceDate "2017.10.13"]
[SourceVersion "1"]
[SourceVersionDate "2017.10.13"]
[SourceQuality "1"]

1. e4 c5 2. Nf3 e6 3. d4 cxd4 4. Nxd4 a6 5. c4 Qc7 6. Nc3 Nf6 7. Be3 Be7 8. Bd3 0-0 9. 0-0 d6 10. Rc1 Nbd7 11. f4 b6 12. g4 Bb7 13. g5 Ne8 14. Qh5 g6 15. Qh6 Nc5 16. Bb1 f5 17. b4 e5 18. Nxf5 gxf5 19. bxc5 dxc5 20. exf5 exf4 21. Qe6+ Kh8 22. Bxf4 Bd6 23. Bxd6 Qxd6 24. Nd5 Bxd5 25. cxd5 Rd8 26. Rcd1 Nc7 27. Qxd6 Rxd6 28. Be4 Rfd8 29. f6 Kg8 30. Rf3 Nb5 31. Rh3 R8d7 32. Bf5 Rc7 33. Be6+ Kf8 34. g6 1-0